| 000 | 01257nam a22003617a 4500 | ||
|---|---|---|---|
| 003 | CHAP | ||
| 005 | 20220329141444.0 | ||
| 008 | 971013s1987 r 00010 d | ||
| 010 | _a68454 | ||
| 011 | _a69426 | ||
| 035 | _a78902 | ||
| 040 | _cCHAP | ||
| 090 | _aFolleto 11257 | ||
| 100 | 0 | 0 |
_aSynnott, Timothy J. _9111151 |
| 245 |
_aEcología forestal del terreno de Santa Rosa Iturbide, Nuevo León _b: con una lista de los árboles y arbustos |
||
| 260 |
_aLinares, N. L. : _bUniversidad Autónoma de Nuevo León. Facultad de Silvicultura y Manejo de Recursos R., _c1987 |
||
| 300 | _a36 P. | ||
| 490 |
_aReporte científico _v; 6 |
||
| 500 | _a29-91 | ||
| 590 |
_aBATCH-UPD _b10 _c20130110 _lUCH01 _h0336 |
||
| 590 |
_aBATCH-UPD _b10 _c20130110 _lUCH01 _h2001 |
||
| 590 |
_aBATCH-UPD _b10 _c20130410 _lUCH01 _h0010 |
||
| 590 |
_aBATCH-UPD _b10 _c20130410 _lUCH01 _h1523 |
||
| 590 |
_aBATCH-UPD _b10 _c20130914 _lUCH01 _h0718 |
||
| 590 |
_aCONVERSION _b10 _c20130109 _lUCH01 _h1338 |
||
| 650 | 1 | 4 |
_aBosques _xNuevo León. _914352 |
| 650 | 1 | 4 |
_aEcología forestal. _935176 |
| 700 | 0 |
_aMarroquín, Jorge S. _971571 |
|
| 830 | 0 |
_aReporte científico _v; 6 _995998 |
|
| 901 | _aBK | ||
| 942 | _cFOLL | ||
| 949 |
_aFolleto 11257 _bBC _cFOLL _d-31779 _eTS1 _i78902 _si |
||
| 999 |
_c68454 _d68454 |
||